[Event "Russian Blitz Team Championship (w)"]
[Site "Sochi"]
[Date "2022.10.17"]
[Round "3.7"]
[White "Baranova, Elizaveta"]
[Black "Yakimova, Mariya"]
[Result "1-0"]
[BlackElo "2134"]
[WhiteElo "1846"]
[LiveChessVersion "1.4.8"]

1. e4 {[%clk 0:03:03]} c5 {[%clk 0:03:03]} 2. Nf3 {[%clk 0:03:03]} Nc6
{[%clk 0:03:04]} 3. c3 {[%clk 0:03:04]} Nf6 {[%clk 0:03:03]} 4. e5
{[%clk 0:03:05]} Nd5 {[%clk 0:03:04]} 5. d4 {[%clk 0:03:06]} cxd4
{[%clk 0:03:06]} 6. Bc4 {[%clk 0:03:07]} Nb6 {[%clk 0:03:07]} 7. Bb3
{[%clk 0:03:08]} e6 {[%clk 0:02:54]} 8. O-O {[%clk 0:03:08]} d5 {[%clk 0:02:52]}
9. exd6 {[%clk 0:03:08]} Bxd6 {[%clk 0:02:53]} 10. cxd4 {[%clk 0:03:08]} O-O
{[%clk 0:02:52]} 11. Nc3 {[%clk 0:03:09]} Ne7 {[%clk 0:02:42]} 12. Bg5
{[%clk 0:02:59]} h6 {[%clk 0:02:33]} 13. Bh4 {[%clk 0:02:42]} Qe8
{[%clk 0:02:24]} 14. Ne4 {[%clk 0:02:40]} Bf4 {[%clk 0:02:03]} 15. Ne5
{[%clk 0:02:07]} Nf5 {[%clk 0:01:19]} 16. Qg4 {[%clk 0:01:55]} Bxe5
{[%clk 0:01:10]} 17. dxe5 {[%clk 0:01:55]} Qb5 {[%clk 0:01:03]} 18. Bf6
{[%clk 0:01:29]} Nd7 {[%clk 0:00:20]} 19. Nd6 {[%clk 0:00:52]} Nxe5
{[%clk 0:00:06]} 20. Qxg7+ {[%clk 0:00:39]} Nxg7 {[%clk 0:00:06]} 21. Nxb5
{[%clk 0:00:39]} Nd3 {[%clk 0:00:05]} 22. Rad1 {[%clk 0:00:36]} Nc5
{[%clk 0:00:06]} 23. Bc2 {[%clk 0:00:32]} a6 {[%clk 0:00:07]} 24. Nc7
{[%clk 0:00:32]} Rb8 {[%clk 0:00:09]} 25. Be7 {[%clk 0:00:33]} Nd7
{[%clk 0:00:07]} 26. Bxf8 {[%clk 0:00:32]} Kxf8 {[%clk 0:00:08]} 27. Rfe1
{[%clk 0:00:24]} Ke7 {[%clk 0:00:09]} 28. Nd5+ {[%clk 0:00:22]} Kf8
{[%clk 0:00:08]} 29. Nf4 {[%clk 0:00:23]} Ne8 {[%clk 0:00:07]} 30. Re3
{[%clk 0:00:21]} Nef6 {[%clk 0:00:07]} 31. Rh3 {[%clk 0:00:22]} Kg7
{[%clk 0:00:08]} 32. Nh5+ {[%clk 0:00:23]} Nxh5 {[%clk 0:00:08]} 33. Rxh5
{[%clk 0:00:24]} Nf6 {[%clk 0:00:09]} 34. Rc5 {[%clk 0:00:24]} Bd7
{[%clk 0:00:07]} 35. h3 {[%clk 0:00:18]} Bc6 {[%clk 0:00:08]} 36. a4
{[%clk 0:00:16]} Kf8 {[%clk 0:00:06]} 37. b4 {[%clk 0:00:17]} Bd5
{[%clk 0:00:05]} 38. b5 {[%clk 0:00:14]} a5 {[%clk 0:00:06]} 39. Rc7
{[%clk 0:00:14]} Ne8 {[%clk 0:00:05]} 40. Rc5 {[%clk 0:00:13]} b6
{[%clk 0:00:06]} 41. Rc3 {[%clk 0:00:14]} Ke7 {[%clk 0:00:07]} 42. Bb3
{[%clk 0:00:15]} Be4 {[%clk 0:00:06]} 43. Re1 {[%clk 0:00:15]} Bb7
{[%clk 0:00:07]} 44. Rd1 {[%clk 0:00:15]} Be4 {[%clk 0:00:07]} 45. f3
{[%clk 0:00:16]} Bb7 {[%clk 0:00:08]} 46. Kf2 {[%clk 0:00:17]} Ba8
{[%clk 0:00:09]} 47. Ke3 {[%clk 0:00:18]} Bb7 {[%clk 0:00:09]} 48. Bc2
{[%clk 0:00:16]} Bd5 {[%clk 0:00:08]} 49. Be4 {[%clk 0:00:17]} Nf6
{[%clk 0:00:09]} 50. Rc7+ {[%clk 0:00:16]} Kd6 {[%clk 0:00:05]} 51. Rxf7
{[%clk 0:00:15]} Ne8 {[%clk 0:00:03]} 52. Bxd5 {[%clk 0:00:15]} exd5
{[%clk 0:00:04]} 53. Rf5 {[%clk 0:00:15]} Nc7 {[%clk 0:00:05]} 54. Rh5
{[%clk 0:00:16]} Rh8 {[%clk 0:00:06]} 55. Rc1 {[%clk 0:00:17]} Ne6
{[%clk 0:00:03]} 56. Rc6+ {[%clk 0:00:17]} Ke7 {[%clk 0:00:04]} 57. Rxb6
{[%clk 0:00:18]} d4+ {[%clk 0:00:05]} 58. Kd2 {[%clk 0:00:15]} Rg8
{[%clk 0:00:06]} 59. g4 {[%clk 0:00:13]} Nf4 {[%clk 0:00:05]} 60. Rhxh6
{[%clk 0:00:12]} d3 {[%clk 0:00:06]} 61. Rb7+ {[%clk 0:00:13]} Kf8
{[%clk 0:00:05]} 62. Rf6+ {[%clk 0:00:14]} Ke8 {[%clk 0:00:06]} 63. Rxf4
{[%clk 0:00:15]} 1-0

[Event "Russian Blitz Team Championship (w)"]
[Site "Sochi"]
[Date "2022.10.17"]
[Round "3.8"]
[White "Nur-Mukhametova, Alisa"]
[Black "Volchkova, Alena"]
[Result "1-0"]
[BlackElo "1700"]
[WhiteElo "2052"]
[LiveChessVersion "1.4.8"]

1. e4 {[%clk 0:03:02]} c5 {[%clk 0:03:03]} 2. Nf3 {[%clk 0:03:03]} d6
{[%clk 0:03:04]} 3. d4 {[%clk 0:02:58]} cxd4 {[%clk 0:03:05]} 4. Qxd4
{[%clk 0:02:58]} Nc6 {[%clk 0:02:59]} 5. Bb5 {[%clk 0:02:58]} Bd7
{[%clk 0:03:00]} 6. Bxc6 {[%clk 0:02:59]} Bxc6 {[%clk 0:03:01]} 7. Nc3
{[%clk 0:02:59]} Nf6 {[%clk 0:02:58]} 8. Bg5 {[%clk 0:03:00]} e5 {[%clk 0:02:31]}
9. Qd3 {[%clk 0:03:01]} Be7 {[%clk 0:02:27]} 10. O-O-O {[%clk 0:02:58]} Rc8
{[%clk 0:02:28]} 11. Bxf6 {[%clk 0:02:28]} gxf6 {[%clk 0:02:21]} 12. Kb1
{[%clk 0:02:23]} Qa5 {[%clk 0:02:20]} 13. Nh4 {[%clk 0:02:08]} Qa6
{[%clk 0:01:57]} 14. Qxa6 {[%clk 0:01:11]} bxa6 {[%clk 0:01:58]} 15. Nf5
{[%clk 0:01:09]} Kd7 {[%clk 0:01:12]} 16. Nd5 {[%clk 0:00:41]} Bxd5
{[%clk 0:01:05]} 17. Rxd5 {[%clk 0:00:41]} Rhg8 {[%clk 0:00:58]} 18. g3
{[%clk 0:00:42]} Ke6 {[%clk 0:00:46]} 19. Rhd1 {[%clk 0:00:37]} Rc6
{[%clk 0:00:47]} 20. f3 {[%clk 0:00:23]} Rgc8 {[%clk 0:00:41]} 21. R1d2
{[%clk 0:00:11]} Rb8 {[%clk 0:00:39]} 22. b3 {[%clk 0:00:06]} Rbc8
{[%clk 0:00:37]} 23. c4 {[%clk 0:00:05]} Rb8 {[%clk 0:00:38]} 24. Kc2
{[%clk 0:00:05]} Bf8 {[%clk 0:00:34]} 25. Kd1 {[%clk 0:00:05]} Rbc8
{[%clk 0:00:28]} 26. Ra5 {[%clk 0:00:04]} Rb6 {[%clk 0:00:22]} 27. Ke2
{[%clk 0:00:04]} Be7 {[%clk 0:00:14]} 28. Ng7+ {[%clk 0:00:04]} Kd7
{[%clk 0:00:14]} 29. Nf5 {[%clk 0:00:04]} Ke6 {[%clk 0:00:17]} 30. Ng7+
{[%clk 0:00:06]} Kd7 {[%clk 0:00:19]} 31. Nf5 {[%clk 0:00:07]} Ke6
{[%clk 0:00:20]} 32. Rad5 {[%clk 0:00:06]} Bf8 {[%clk 0:00:21]} 33. Rd1
{[%clk 0:00:05]} Rbc6 {[%clk 0:00:15]} 34. Ra5 {[%clk 0:00:05]} Rb6
{[%clk 0:00:17]} 35. Ne3 {[%clk 0:00:04]} Rbc6 {[%clk 0:00:10]} 36. Nd5
{[%clk 0:00:05]} Rb8 {[%clk 0:00:10]} 37. Ra4 {[%clk 0:00:04]} Rbc8
{[%clk 0:00:10]} 38. Ra5 {[%clk 0:00:05]} Rb8 {[%clk 0:00:11]} 39. Rd3
{[%clk 0:00:06]} Rbc8 {[%clk 0:00:12]} 40. Nb4 {[%clk 0:00:05]} Rb6
{[%clk 0:00:05]} 41. Nd5 {[%clk 0:00:04]} Rbc6 {[%clk 0:00:06]} 42. Nb4 Rb6 43.
Nd5 {[%clk 0:00:07]} Rbc6 {[%clk 0:00:09]} 44. a3 {[%clk 0:00:04]} Bh6
{[%clk 0:00:08]} 45. Nb4 {[%clk 0:00:04]} Rb6 {[%clk 0:00:09]} 46. Nxa6
{[%clk 0:00:05]} Bc1 {[%clk 0:00:04]} 47. Nb4 {[%clk 0:00:04]} Bxa3
{[%clk 0:00:05]} 48. Nd5 {[%clk 0:00:04]} Rxb3 {[%clk 0:00:05]} 49. Rxb3
{[%clk 0:00:06]} Bc5 {[%clk 0:00:06]} 50. Ra6 {[%clk 0:00:05]} h5
{[%clk 0:00:06]} 51. h4 {[%clk 0:00:06]} Rg8 {[%clk 0:00:07]} 52. f4
{[%clk 0:00:05]} exf4 53. Nxf4+ Ke5 54. Kf3 {[%clk 0:00:06]} Rc8 {[%clk 0:00:06]}
55. Nxh5 {[%clk 0:00:07]} Bd4 {[%clk 0:00:06]} 56. Ra4 {[%clk 0:00:07]} a5
{[%clk 0:00:05]} 57. Nf4 {[%clk 0:00:07]} Rc5 {[%clk 0:00:05]} 58. Nd3+
{[%clk 0:00:08]} 1-0

[Event "Russian Blitz Team Championship (w)"]
[Site "Sochi"]
[Date "2022.10.17"]
[Round "3.9"]
[White "Voit, Daria"]
[Black "Potapova, Margarita"]
[Result "1/2-1/2"]
[BlackElo "2150"]
[WhiteElo "2247"]
[LiveChessVersion "1.4.8"]

1. c4 {[%clk 0:03:03]} e6 {[%clk 0:03:03]} 2. Nf3 {[%clk 0:02:59]} Nf6
{[%clk 0:03:03]} 3. g3 {[%clk 0:03:00]} d5 {[%clk 0:03:05]} 4. Bg2
{[%clk 0:03:01]} dxc4 {[%clk 0:03:05]} 5. Qa4+ {[%clk 0:03:02]} Nbd7
{[%clk 0:03:06]} 6. Qxc4 {[%clk 0:03:02]} a6 {[%clk 0:03:07]} 7. d4
{[%clk 0:02:59]} b5 {[%clk 0:03:08]} 8. Qc2 {[%clk 0:03:00]} Bb7 {[%clk 0:03:09]}
9. Nc3 {[%clk 0:02:56]} c5 {[%clk 0:03:07]} 10. O-O {[%clk 0:02:55]} Rc8
{[%clk 0:03:08]} 11. Rd1 {[%clk 0:02:52]} Qb6 {[%clk 0:03:05]} 1/2-1/2

[Event "Russian Blitz Team Championship (w)"]
[Site "Sochi"]
[Date "2022.10.17"]
[Round "3.10"]
[White "Tomilova, Elena"]
[Black "Bivol, Alina"]
[Result "0-1"]
[BlackElo "2264"]
[WhiteElo "2107"]
[LiveChessVersion "1.4.8"]

1. d4 {[%clk 0:03:03]} d5 {[%clk 0:03:02]} 2. Nf3 {[%clk 0:03:03]} Nf6
{[%clk 0:03:02]} 3. c4 {[%clk 0:03:04]} e6 {[%clk 0:03:03]} 4. Nc3
{[%clk 0:03:05]} c5 {[%clk 0:03:04]} 5. e3 {[%clk 0:03:05]} Nc6 {[%clk 0:02:51]}
6. a3 {[%clk 0:03:04]} dxc4 {[%clk 0:02:38]} 7. Bxc4 {[%clk 0:03:05]} a6
{[%clk 0:02:38]} 8. O-O {[%clk 0:02:52]} b5 {[%clk 0:02:37]} 9. Ba2
{[%clk 0:02:40]} Bb7 {[%clk 0:02:18]} 10. Qe2 {[%clk 0:02:35]} Be7
{[%clk 0:02:09]} 11. dxc5 {[%clk 0:02:29]} Bxc5 {[%clk 0:02:09]} 12. b4
{[%clk 0:02:18]} Be7 {[%clk 0:02:07]} 13. Bb2 {[%clk 0:02:16]} O-O
{[%clk 0:02:06]} 14. Rfd1 {[%clk 0:02:12]} Qb6 {[%clk 0:02:01]} 15. Nd4
{[%clk 0:01:54]} Ne5 {[%clk 0:01:48]} 16. f4 {[%clk 0:01:39]} Nc4
{[%clk 0:01:37]} 17. Bxc4 {[%clk 0:01:37]} bxc4 {[%clk 0:01:38]} 18. Qxc4 Rac8
{[%clk 0:01:14]} 19. Qe2 {[%clk 0:01:33]} Ne4 {[%clk 0:01:14]} 20. Nxe4
{[%clk 0:01:26]} Bxe4 {[%clk 0:01:16]} 21. Rac1 {[%clk 0:01:10]} Bf6
{[%clk 0:01:16]} 22. h3 {[%clk 0:00:57]} h6 23. Kh2 e5 {[%clk 0:01:10]} 24. fxe5
{[%clk 0:00:37]} Bxe5+ {[%clk 0:01:10]} 25. Kg1 {[%clk 0:00:33]} f5
{[%clk 0:00:33]} 26. Qd2 {[%clk 0:00:23]} Kh7 {[%clk 0:00:24]} 27. Rxc8 Rxc8
{[%clk 0:00:25]} 28. Rc1 {[%clk 0:00:23]} Rxc1+ {[%clk 0:00:22]} 29. Qxc1
{[%clk 0:00:25]} Qg6 {[%clk 0:00:23]} 30. Qd2 {[%clk 0:00:24]} Qg3
{[%clk 0:00:22]} 31. Kf1 {[%clk 0:00:14]} Qh2 {[%clk 0:00:19]} 32. Qf2
{[%clk 0:00:13]} Bd3+ {[%clk 0:00:17]} 33. Ke1 {[%clk 0:00:14]} Bg3
{[%clk 0:00:18]} 0-1

[Event "Russian Blitz Team Championship (w)"]
[Site "Sochi"]
[Date "2022.10.17"]
[Round "3.11"]
[White "Kovalevskaya, Ekaterina"]
[Black "Gritsayeva, Oksana"]
[Result "1-0"]
[BlackElo "2192"]
[WhiteElo "2254"]
[LiveChessVersion "1.4.8"]

1. Nf3 {[%clk 0:03:03]} g6 {[%clk 0:02:59]} 2. g3 {[%clk 0:03:03]} Bg7
{[%clk 0:03:00]} 3. d4 {[%clk 0:03:04]} c5 {[%clk 0:02:58]} 4. Bg2
{[%clk 0:02:57]} cxd4 {[%clk 0:02:56]} 5. Nxd4 {[%clk 0:02:57]} Nc6
{[%clk 0:02:58]} 6. Nb3 {[%clk 0:02:37]} d6 {[%clk 0:02:56]} 7. O-O
{[%clk 0:02:36]} Nf6 {[%clk 0:02:55]} 8. c4 {[%clk 0:02:29]} Be6 {[%clk 0:02:47]}
9. Na3 {[%clk 0:01:59]} O-O {[%clk 0:02:42]} 10. Bd2 {[%clk 0:01:48]} Rc8
{[%clk 0:02:34]} 11. Bc3 {[%clk 0:01:44]} a6 {[%clk 0:02:27]} 12. Rc1
{[%clk 0:01:43]} Qc7 {[%clk 0:02:16]} 13. Nd4 {[%clk 0:01:35]} Nxd4
{[%clk 0:02:03]} 14. Bxd4 {[%clk 0:01:35]} Qb8 {[%clk 0:01:54]} 15. b3
{[%clk 0:01:23]} b5 {[%clk 0:01:29]} 16. Qd3 {[%clk 0:00:52]} b4 {[%clk 0:01:27]}
17. Nc2 {[%clk 0:00:51]} Nd7 {[%clk 0:01:24]} 18. Bxg7 {[%clk 0:00:49]} Kxg7
{[%clk 0:01:25]} 19. Nd4 {[%clk 0:00:45]} Nc5 {[%clk 0:01:24]} 20. Qe3
{[%clk 0:00:41]} Qb6 {[%clk 0:01:14]} 21. Rfd1 {[%clk 0:00:41]} a5
{[%clk 0:01:07]} 22. h4 {[%clk 0:00:41]} h6 {[%clk 0:00:59]} 23. h5
{[%clk 0:00:38]} g5 {[%clk 0:00:57]} 24. Bd5 {[%clk 0:00:34]} Bd7
{[%clk 0:00:44]} 25. Bg2 {[%clk 0:00:21]} Rce8 {[%clk 0:00:41]} 26. Qd2
{[%clk 0:00:19]} a4 {[%clk 0:00:39]} 27. Qb2 {[%clk 0:00:14]} e5 {[%clk 0:00:34]}
28. Nf3 {[%clk 0:00:13]} axb3 29. axb3 {[%clk 0:00:14]} Bg4 {[%clk 0:00:30]} 30.
Rd2 {[%clk 0:00:12]} Bxh5 {[%clk 0:00:28]} 31. Rcd1 {[%clk 0:00:12]} Re6
{[%clk 0:00:25]} 32. Rd5 {[%clk 0:00:11]} f6 {[%clk 0:00:24]} 33. Ne1
{[%clk 0:00:10]} Bf7 {[%clk 0:00:24]} 34. Bh3 {[%clk 0:00:09]} Rd8
{[%clk 0:00:20]} 35. Bxe6 {[%clk 0:00:09]} Bxe6 {[%clk 0:00:20]} 36. R5d2
{[%clk 0:00:08]} Bf7 {[%clk 0:00:19]} 37. e3 {[%clk 0:00:08]} Bh5
{[%clk 0:00:18]} 38. Ra1 {[%clk 0:00:09]} Qb7 {[%clk 0:00:17]} 39. Qc2
{[%clk 0:00:09]} Rd7 {[%clk 0:00:16]} 40. Ra5 {[%clk 0:00:09]} Qc6
{[%clk 0:00:16]} 41. Rb5 {[%clk 0:00:09]} Rb7 {[%clk 0:00:17]} 42. Rxb7+
{[%clk 0:00:09]} Nxb7 {[%clk 0:00:18]} 43. Nd3 {[%clk 0:00:08]} Qb6
{[%clk 0:00:17]} 44. Nb2 {[%clk 0:00:08]} Nc5 {[%clk 0:00:18]} 45. Na4
{[%clk 0:00:08]} Nxa4 {[%clk 0:00:17]} 46. bxa4 {[%clk 0:00:09]} Qc5
{[%clk 0:00:16]} 47. Rd5 {[%clk 0:00:09]} Qc6 {[%clk 0:00:16]} 48. a5
{[%clk 0:00:09]} Bf7 49. Rb5 {[%clk 0:00:08]} Bxc4 {[%clk 0:00:15]} 50. Rxb4
{[%clk 0:00:09]} d5 {[%clk 0:00:16]} 51. Qb2 {[%clk 0:00:09]} Qe6
{[%clk 0:00:13]} 52. Rb7+ {[%clk 0:00:09]} Kg6 {[%clk 0:00:14]} 53. Qb1+
{[%clk 0:00:09]} e4 {[%clk 0:00:15]} 54. Rb6 {[%clk 0:00:08]} Qh3
{[%clk 0:00:14]} 55. Qa1 {[%clk 0:00:08]} Qf5 {[%clk 0:00:12]} 56. a6
{[%clk 0:00:09]} d4 {[%clk 0:00:09]} 57. Qxd4 {[%clk 0:00:06]} Bf7
{[%clk 0:00:04]} 58. a7 {[%clk 0:00:07]} 1-0

[Event "Russian Blitz Team Championship (w)"]
[Site "Sochi"]
[Date "2022.10.17"]
[Round "3.12"]
[White "Vasilevich, Tatjana"]
[Black "Borisova, Ekaterina"]
[Result "1/2-1/2"]
[BlackElo "2134"]
[WhiteElo "2226"]
[LiveChessVersion "1.4.8"]

1. d4 {[%clk 0:03:03]} Nf6 {[%clk 0:03:03]} 2. c4 {[%clk 0:03:04]} g6
{[%clk 0:03:04]} 3. Nc3 {[%clk 0:03:05]} d5 {[%clk 0:03:06]} 4. cxd5
{[%clk 0:03:06]} Nxd5 {[%clk 0:03:07]} 5. e4 {[%clk 0:03:07]} Nxc3
{[%clk 0:03:07]} 6. bxc3 {[%clk 0:03:09]} Bg7 {[%clk 0:03:08]} 7. Bc4
{[%clk 0:03:09]} O-O {[%clk 0:03:08]} 8. Ne2 {[%clk 0:03:10]} c5 {[%clk 0:03:08]}
9. O-O {[%clk 0:03:11]} Nc6 {[%clk 0:03:09]} 10. Be3 {[%clk 0:03:12]} b6
{[%clk 0:03:10]} 11. Rc1 {[%clk 0:03:13]} Bb7 {[%clk 0:03:04]} 12. Qd2
{[%clk 0:03:14]} e6 {[%clk 0:03:05]} 13. Rfd1 {[%clk 0:03:14]} Rc8
{[%clk 0:03:03]} 14. Bh6 {[%clk 0:03:13]} cxd4 {[%clk 0:02:56]} 15. cxd4
{[%clk 0:03:13]} Na5 {[%clk 0:02:57]} 16. Bd3 {[%clk 0:03:08]} Qd6
{[%clk 0:02:55]} 17. Bxg7 {[%clk 0:03:01]} Kxg7 {[%clk 0:02:56]} 18. h4
{[%clk 0:02:57]} h5 {[%clk 0:02:56]} 19. Qg5 {[%clk 0:02:40]} Rxc1
{[%clk 0:02:21]} 20. Rxc1 {[%clk 0:02:38]} Rc8 {[%clk 0:02:05]} 21. Rd1
{[%clk 0:02:35]} Nc6 {[%clk 0:01:43]} 22. Nf4 {[%clk 0:02:23]} Qxd4
{[%clk 0:01:07]} 23. Nxh5+ {[%clk 0:02:16]} Kg8 {[%clk 0:01:02]} 24. Nf6+
{[%clk 0:02:12]} Kg7 {[%clk 0:00:58]} 25. Nh5+ {[%clk 0:01:49]} Kg8
{[%clk 0:00:56]} 26. Nf6+ {[%clk 0:01:30]} Kg7 {[%clk 0:00:58]} 27. Nh5+
{[%clk 0:01:14]} Kg8 {[%clk 0:00:59]} 28. Nf6+ {[%clk 0:01:14]} 1/2-1/2

[Event "Russian Blitz Team Championship (w)"]
[Site "Sochi"]
[Date "2022.10.17"]
[Round "4.1"]
[White "Pogonina, Natalija"]
[Black "Voit, Daria"]
[Result "1/2-1/2"]
[BlackElo "2247"]
[WhiteElo "2332"]
[LiveChessVersion "1.4.8"]

1. d4 {[%clk 0:03:02]} Nf6 {[%clk 0:03:03]} 2. g3 {[%clk 0:03:01]} d5
{[%clk 0:03:02]} 3. Bg2 {[%clk 0:03:00]} Bf5 {[%clk 0:03:00]} 4. Nf3
{[%clk 0:02:50]} e6 {[%clk 0:03:01]} 5. c4 {[%clk 0:02:48]} c6 {[%clk 0:03:01]}
6. O-O {[%clk 0:02:46]} Nbd7 {[%clk 0:02:58]} 7. Nc3 {[%clk 0:02:42]} h6
{[%clk 0:02:58]} 8. b3 {[%clk 0:02:40]} Ne4 {[%clk 0:02:51]} 9. Bb2
{[%clk 0:02:35]} Be7 {[%clk 0:02:49]} 10. Nd2 {[%clk 0:02:31]} Nxc3
{[%clk 0:02:45]} 11. Bxc3 {[%clk 0:02:31]} Nf6 {[%clk 0:02:36]} 12. Bb2
{[%clk 0:02:24]} O-O {[%clk 0:02:35]} 13. Rc1 {[%clk 0:02:12]} a5
{[%clk 0:02:35]} 14. a3 {[%clk 0:02:08]} Qb6 {[%clk 0:02:29]} 15. Re1
{[%clk 0:02:06]} Bg6 {[%clk 0:02:27]} 16. e3 {[%clk 0:02:04]} Rfd8
{[%clk 0:02:27]} 17. Qe2 {[%clk 0:01:56]} Qa6 {[%clk 0:02:17]} 18. h3
{[%clk 0:01:53]} Rd7 {[%clk 0:02:16]} 19. Kh2 {[%clk 0:01:46]} Rad8
{[%clk 0:02:12]} 20. cxd5 {[%clk 0:01:35]} Qxe2 {[%clk 0:02:11]} 21. Rxe2
{[%clk 0:01:35]} exd5 {[%clk 0:02:11]} 22. Ree1 {[%clk 0:01:32]} Bd6
{[%clk 0:02:07]} 23. a4 {[%clk 0:01:29]} Bb4 {[%clk 0:02:02]} 24. Bc3
{[%clk 0:01:29]} Bxc3 {[%clk 0:02:00]} 25. Rxc3 {[%clk 0:01:29]} Re7
{[%clk 0:02:00]} 26. Kg1 {[%clk 0:01:23]} Ra8 {[%clk 0:01:44]} 27. Rd3
{[%clk 0:01:17]} 1/2-1/2

[Event "Russian Blitz Team Championship (w)"]
[Site "Sochi"]
[Date "2022.10.17"]
[Round "4.2"]
[White "Bivol, Alina"]
[Black "Girya, Olga"]
[Result "1/2-1/2"]
[BlackElo "2298"]
[WhiteElo "2264"]
[LiveChessVersion "1.4.8"]

1. e4 {[%clk 0:03:01]} e5 {[%clk 0:03:04]} 2. Nf3 {[%clk 0:03:02]} Nc6
{[%clk 0:03:05]} 3. Bc4 {[%clk 0:03:02]} Bc5 {[%clk 0:03:06]} 4. c3
{[%clk 0:02:59]} Nf6 {[%clk 0:03:06]} 5. d4 {[%clk 0:02:59]} exd4
{[%clk 0:03:07]} 6. cxd4 {[%clk 0:03:00]} Bb4+ {[%clk 0:03:08]} 7. Nbd2
{[%clk 0:02:59]} d5 {[%clk 0:03:05]} 8. exd5 Nxd5 {[%clk 0:03:06]} 9. O-O
{[%clk 0:02:59]} O-O {[%clk 0:03:06]} 10. a3 {[%clk 0:02:59]} Bxd2
{[%clk 0:03:06]} 11. Bxd2 {[%clk 0:03:00]} Be6 {[%clk 0:03:07]} 12. Rc1
{[%clk 0:02:59]} h6 {[%clk 0:03:06]} 13. Re1 {[%clk 0:03:00]} Qd6
{[%clk 0:03:04]} 14. h3 {[%clk 0:03:00]} Rfe8 {[%clk 0:03:05]} 15. b4
{[%clk 0:02:47]} Nce7 {[%clk 0:03:06]} 16. Ne5 {[%clk 0:02:37]} a6
{[%clk 0:02:56]} 17. Qf3 {[%clk 0:02:32]} Rad8 {[%clk 0:02:48]} 18. Bd3
{[%clk 0:02:21]} c6 {[%clk 0:02:08]} 19. Bb1 {[%clk 0:02:15]} Nc7
{[%clk 0:01:43]} 20. Bf4 {[%clk 0:01:33]} Qxd4 {[%clk 0:00:56]} 21. Nxf7
{[%clk 0:01:23]} Bxf7 {[%clk 0:00:47]} 22. Bxc7 {[%clk 0:01:24]} Rd5
{[%clk 0:00:19]} 23. Be4 {[%clk 0:01:05]} Rg5 {[%clk 0:00:11]} 24. Bf4
{[%clk 0:01:03]} Rb5 {[%clk 0:00:10]} 25. Rcd1 {[%clk 0:00:59]} Qf6
{[%clk 0:00:11]} 26. Bd6 {[%clk 0:00:46]} Qxf3 {[%clk 0:00:10]} 27. Bxf3 Nf5
{[%clk 0:00:09]} 28. Bc5 {[%clk 0:00:47]} Rxe1+ {[%clk 0:00:06]} 29. Rxe1
{[%clk 0:00:48]} b6 {[%clk 0:00:05]} 30. Be3 {[%clk 0:00:18]} Nxe3
{[%clk 0:00:06]} 31. Rxe3 {[%clk 0:00:19]} a5 {[%clk 0:00:06]} 32. Bxc6
{[%clk 0:00:18]} Rf5 {[%clk 0:00:07]} 33. b5 {[%clk 0:00:16]} Rc5
{[%clk 0:00:08]} 34. Rd3 {[%clk 0:00:16]} Bc4 {[%clk 0:00:08]} 35. Rc3
{[%clk 0:00:16]} Kf8 {[%clk 0:00:07]} 36. a4 {[%clk 0:00:17]} Ke7
{[%clk 0:00:08]} 37. f4 {[%clk 0:00:17]} Kd6 38. Kf2 {[%clk 0:00:16]} Be6
{[%clk 0:00:10]} 39. Rd3+ {[%clk 0:00:15]} Kc7 {[%clk 0:00:10]} 40. g4
{[%clk 0:00:16]} Rc2+ {[%clk 0:00:10]} 41. Kg3 {[%clk 0:00:17]} Rb2
{[%clk 0:00:11]} 42. f5 {[%clk 0:00:18]} Rb3 {[%clk 0:00:12]} 43. Rxb3 Bxb3
{[%clk 0:00:13]} 44. h4 {[%clk 0:00:10]} Bxa4 {[%clk 0:00:14]} 45. g5
{[%clk 0:00:11]} hxg5 {[%clk 0:00:15]} 46. hxg5 {[%clk 0:00:12]} Kd6
{[%clk 0:00:14]} 47. Kf4 {[%clk 0:00:11]} Bb3 {[%clk 0:00:14]} 48. Ke3
{[%clk 0:00:11]} Ke5 {[%clk 0:00:15]} 49. Bd7 {[%clk 0:00:08]} Bc2
{[%clk 0:00:16]} 50. f6 {[%clk 0:00:06]} gxf6 51. gxf6 {[%clk 0:00:06]} Kxf6
{[%clk 0:00:17]} 52. Kd4 {[%clk 0:00:08]} Ke7 {[%clk 0:00:18]} 53. Bg4
{[%clk 0:00:07]} Kd6 {[%clk 0:00:19]} 54. Bf3 {[%clk 0:00:06]} Bb3
{[%clk 0:00:20]} 55. Be2 {[%clk 0:00:07]} Be6 {[%clk 0:00:20]} 56. Bf3
{[%clk 0:00:07]} a4 {[%clk 0:00:21]} 57. Kc3 {[%clk 0:00:04]} Kc5
{[%clk 0:00:20]} 58. Be2 {[%clk 0:00:04]} a3 {[%clk 0:00:20]} 59. Bf1
{[%clk 0:00:04]} Bd5 {[%clk 0:00:21]} 60. Be2 {[%clk 0:00:05]} Bf7
{[%clk 0:00:23]} 61. Bf1 {[%clk 0:00:05]} Bg8 {[%clk 0:00:24]} 62. Be2
{[%clk 0:00:07]} a2 {[%clk 0:00:25]} 63. Kb2 {[%clk 0:00:08]} Kb4
{[%clk 0:00:25]} 64. Bf1 {[%clk 0:00:08]} Bd5 {[%clk 0:00:21]} 65. Be2
{[%clk 0:00:09]} Kc5 {[%clk 0:00:15]} 66. Bf1 {[%clk 0:00:10]} Kd4
{[%clk 0:00:16]} 67. Be2 {[%clk 0:00:07]} Bc4 {[%clk 0:00:13]} 68. Bxc4 Kxc4
{[%clk 0:00:14]} 69. Kxa2 {[%clk 0:00:09]} Kxb5 {[%clk 0:00:15]} 70. Kb3
{[%clk 0:00:10]} Kc5 {[%clk 0:00:15]} 71. Kc3 {[%clk 0:00:11]} b5
{[%clk 0:00:16]} 72. Kb3 {[%clk 0:00:13]} b4 {[%clk 0:00:17]} 73. Kb2
{[%clk 0:00:14]} Kc4 {[%clk 0:00:18]} 74. Kc2 {[%clk 0:00:16]} b3+
{[%clk 0:00:20]} 75. Kb2 {[%clk 0:00:17]} Kb4 {[%clk 0:00:21]} 76. Kb1
{[%clk 0:00:18]} Kc3 {[%clk 0:00:22]} 77. Kc1 {[%clk 0:00:19]} b2+
{[%clk 0:00:23]} 78. Kb1 {[%clk 0:00:21]} Kb3 {[%clk 0:00:24]} 1/2-1/2